LDR 00531naa#a2200157#i#450# 001 EN\\bibl\119125 005 20260513095848.3 011 ## _a2782-1927 100 ## _a20260330b2026####ek#y0engy0150####ca 102 ## _aRU 200 1# _aWorld-systems theory as a paradigm for explanation of uneven structure of global and national economic development _eJournal article 210 1# _aYaroslavl _cYaroslavl State Technical University _d2026 215 ## _a9 с. 608 ## _aJournal article _2local 700 #1 _aDidenko _gDmitriy Valer'evich 856 4# _ajraic.com _u